000 01057nam a2200229 i 4500
001 153769
003 ES-MaACL
005 20250827062632.0
008 010426s1885 sp l |||| | spa d
110 1 _aEspaña
_93622
240 0 _aLey Orgánica del poder judicial, 1870
245 1 0 _aLey Orgánica del Poder Judicial de 15 de septiembre de 1870 y Ley adicional a la misma de 14 de octubre de 1882
_b: ampliadas con notas ... y con la ley de organización y atribuciones de los Tribunales de Guerra de 10 de marzo de 1884 /
_cpublicadas por la redacción de El consultor de los Ayuntamientos y de los Juzgado Municipales.
250 _a6ª ed.
260 _aMadrid :
_b[s.n.],
_c1885 (
_fImp. de E. de la Riva)
300 _a406 p. ;
_c19 cm.
650 0 4 _aPoder judicial-
_zEspaña.
_916148
710 2 _aEl Consultor de los Ayuntamientos y de los Juzgados.
_93454
740 0 2 _aLey de organización y atribuciones de los Tribunales de Guerra.
752 _aEspaña -
_dMadrid
852 _aES-MaACL
_jD-1245
_z- Rust.
999 _c153769
_d153769